Ιχθυολογία

Αποθηκεύτηκε σε:
Λεπτομέρειες βιβλιογραφικής εγγραφής
Κύριος συγγραφέας: Νεοφύτου, Χρήστος Ν.
Άλλοι συγγραφείς: Νεοφύτου, Νικόλαος Χ.
Μορφή: Βιβλίο
Γλώσσα:Greek
Δημοσίευση: Θεσσαλονίκη : University Studio Press, 2017.
Έκδοση:3η έκδ.
Θέματα:
Ετικέτες: Προσθήκη ετικέτας
Δεν υπάρχουν, Καταχωρήστε ετικέτα πρώτοι!

MARC

LEADER 00000nam a2200000 a 4500
001 1/115953
008 180222s2017####gr |||||||||||||| ||gre||
020 |a 9789601223452 
040 |a GR-MyUa  |b gre  |c GR-MyUa  |e AACR2 
041 0 |a gre 
082 7 |a 597   |2 (23) 
100 1 |a Νεοφύτου, Χρήστος Ν. 
245 1 0 |a Ιχθυολογία /   |c Χρίστος Ν. Νεοφύτου, Νικόλαος Χ. Νεοφύτου.  
250 |a 3η έκδ.  
260 |a Θεσσαλονίκη :   |b University Studio Press,   |c 2017.  
300 |a 595 σ. ;   |c 25 εκ.  
504 |a Περιέχει ευρετήριο.  
650 0 |a Ichthyology. 
650 0 |a Fishes  |x Physiology. 
650 0 |a Freshwater fishes. 
700 1 |a Νεοφύτου, Νικόλαος Χ. 
852 |a INST  |b LESVOS  |c EUDOXUS  |e 20180227  |h 597 ΝΕΟ  |p 005100060017  |q 005100060017  |t EDX  |y 0 
852 |a INST  |b LESVOS  |c EUDOXUS  |e 20180222  |h 597 ΝΕΟ  |p 005100061036  |q 005100061036  |t EDX  |y 0 
852 |a INST  |b LESVOS  |c EUDOXUS  |e 20190328  |h 597 ΝΕΟ  |p 005100062015  |q 005100062015  |t EDX  |y 0 
920 |a Εύδοξος  |b Παραγγελία  |y Λέσβος  |z 2017-02 
920 |a Εύδοξος  |b Επιστροφή  |y Λέσβος  |z 2019-03 
970 |a Καμάτσου  |b Δέσποινα  |z 22-02-2018